Регионална библиотека "Любен Каравелов" - Русе

Георги Йорданов (Запис номер 209150)

MARC детайли
000 -Лидер
Контролно поле с фиксирана дължина 02606nkm a2200493 c 4500
003 - Код на организацията, давaща контролен номер
Контролно поле BLK
005 - Дата и час на последна редакция
Контролно поле 20210215092317.0
008 - Елементи от данни с фиксирана дължина
fixed length control field 180412b bul rap|r|||| r0| ||bulo|
010 ## - Наследен системен номер
LC control number KNG00094717000
020 ## - Международен стандартен номер на книга ISBN
Международен стандартен номер на книга ISBN 978-954-8852-06-7
040 ## - Източник на каталожния запис
Идентификатор на билиотеката - собственик на записа BLK
041 ## - Код за език
Код за езика на текст/звукозапис или на отделно заглавие Български
Код за езика КДБФ Български
Други езици Английски
080 ## - УДК
Текстов определител УДК Живопис - художници
УДК код - определител по УДК 75.071.1
УДК определител (497.2)(092)(084)
УДК - код + определител 75.071.1(497.2)(092)(084)
080 ## - УДК
Текстов определител УДК Български художник-живописец (1960-
УДК код - определител по УДК 929 Йорданов, Георги
УДК - код + определител 929 Йорданов, Георги
139 ## - Редно поле
Редна дума Йорданов, Георги
Авторски знак Иорд - И 83
245 10 - Сведения за заглавието
Заглавие Георги Йорданов
Редно поле (дума) Георги Йорданов; текст Краси Алексиева; състав. Краси Алексиева; състав. Сим Алексиев; прев. на англ. Радослава Сенгалевич.
246 11 - Различни форми на заглавието
Паралелно заглавие Georgy Yordanov
257 ## - Страна на издаване
Страна на създаване/издаване България
260 ## - Област на издателските данни
Име на издателя, разпространителя и проч. Ракурси
Година на издаване 2008
300 ## - Физическа характеристика
Страници 72 с.
Илюстрации и др. с цв. ил.
Размери/Мащаб 30 см
380 ## - Жанр
Жанр Изкуство
500 ## - Общи забележки
Забележка Изд. на Галерия Възраждане. - Пълното име на авт. е Георги Йорданов Георгиев ; Първата състав. е известна като Красимира Тодорова Алексиева ; Сим Алексиев - псевд. на състав. Симеон Симеонов Алексиев.
600 14 - Име на лице, използвано като предмет
За него / За нея Йорданов, Георги
9 (RLIN) 369522
650 #4 - Допълнително описание по предмет – тема
Основно описание – тема или топоним Йорданов, Георги
9 (RLIN) 369522
650 #4 - Допълнително описание по предмет – тема
Основно описание – тема или топоним Живопис, българска - албуми
9 (RLIN) 296053
650 #4 - Допълнително описание по предмет – тема
Основно описание – тема или топоним Художници, български - албуми
9 (RLIN) 290224
650 #4 - Допълнително описание по предмет – тема
Основно описание – тема или топоним България - изобразителни изкуства
9 (RLIN) 280117
651 #4 - Допълнително описание по предмет - топоним
Географско понятие България
9 (RLIN) 241624
653 ## - Ключова дума – ненормативна
Ключова дума български художници
653 ## - Ключова дума – ненормативна
Ключова дума живописци
653 ## - Ключова дума – ненормативна
Ключова дума албуми
653 ## - Ключова дума – ненормативна
Ключова дума Георги Йорданов
700 1# - Други автори (авторска отговорност)
Лично име Йорданов, Георги
9 (RLIN) 369522
700 1# - Други автори (авторска отговорност)
Лично име Алексиева, Краси
Автороска отговорност (Описва отношението между автора и произведението) текст
9 (RLIN) 387027
700 1# - Други автори (авторска отговорност)
Лично име Алексиева, Краси
Автороска отговорност (Описва отношението между автора и произведението) състав.
9 (RLIN) 387027
700 1# - Други автори (авторска отговорност)
Лично име Алексиев, Сим
Автороска отговорност (Описва отношението между автора и произведението) състав.
9 (RLIN) 383719
700 1# - Други автори (авторска отговорност)
Лично име Сенгалевич, Радослава
Автороска отговорност (Описва отношението между автора и произведението) прев. на англ.
9 (RLIN) 387026
720 ## - Неконтролирано име
Паралелен автор Text Krassi Aleksieva ; Comp. Krassi Aleksieva, Sim Aleksiev ; Transl. Radoslava Sengalevich
Ключова дума за отношение (Описва отношението между автора и произведението) паралелен автор
852 ## - Местоположение
Форматна сигнатура 120000742593
856 4# - Електронен адрес и достъп
Електронен формат pdf - файл
Път до файла /url/
856 4# - Електронен адрес и достъп
Електронен формат pdf - файл
Път до файла /url/
999 ## - СИСТЕМНИ КОНТРОЛНИ НОМЕРА
Koha biblionumber 209150
Koha biblioitemnumber 209150
942 ## - АРТИКУЛИ
Вид на библиотечния материал Графични издания
Скрит в OPAC Не
Периодичен библиозапис Да
944 ## - СЪЗДАВАНЕ И РЕДАКЦИЯ на ЗАПИСА
Създаване/Редакция Създаване
Дата на регистрацията/редакция 04.03.2010
Статус, дата на статуса ф /
Служител, извършил регистрацията/редакцията Валя_Йорданова
944 ## - СЪЗДАВАНЕ И РЕДАКЦИЯ на ЗАПИСА
Създаване/Редакция Редакция
Дата на регистрацията/редакция 23.01.2017
Статус, дата на статуса ф /
Служител, извършил регистрацията/редакцията Людмила_Стоянова
999 ## - СИСТЕМНИ КОНТРОЛНИ НОМЕРА
Koha biblioitemnumber 209150
Наличности
Код за отписване Код за изгубен артикул Източник на класификационната схема Код за повреда Коз за рестрикции Код за отдаване Артикулен № Име на библиотеката - собственик Име на библиотеката, в която се намира в момента Статус (Текущо местоположение) Дата на вписване в системата Местоположение - отдел Цена в лева Инвентарен номер Систематично азбучна сигнатура Баркод Номер на екземпляра Цена в евро Служебна бележка Служебен тип на артикула
  Не е изгубен Universal Decimal Classification Не е повреден само за читалня ползва се в читалня 360392 Регионална библиотека "Любен Каравелов" Русе Регионална библиотека "Любен Каравелов" Русе Хранилище 2010-03-02 Хранилище 20.00 120000742593 Цб ІІ 27539 120000742593 1 10.23 Дост: Dp Вид: Д N: 36 Дата: 26.08.2009 Графични издания
  Не е изгубен Universal Decimal Classification Не е повреден без рестрикции заемане за дома 360393 Регионална библиотека "Любен Каравелов" Русе Регионална библиотека "Любен Каравелов" Русе Отдел Изкуство - подръчен фонд 2016-07-11 Отдел Изкуство - подръчен фонд 20.00 120000802067 75(497.2)(092)/И 83 120000802067 2 10.23 Дост: DA Вид: А N: 27 Дата: 11.07.2016 Графични издания
Vip Innovations Ltd, Rousse, Bulgaria 2025